| 000 | 00652nam a22001937a 4500 | ||
|---|---|---|---|
| 999 |
_c170131 _d170131 |
||
| 005 | 20191212145033.0 | ||
| 010 | _aB-123736-737 | ||
| 020 | _c300.00 | ||
| 035 | _aB-123736-737 | ||
| 037 | _bBPPD/Pub. | ||
| 082 | _a343.54071 | ||
| 100 | _aعبدل منتقم | ||
| 245 |
_aلاؤس اف پروٹیکشن اف کونسمیرس / _cعبدل منتقم |
||
| 246 |
_aLaws of Protection of Consumers (Urdu) / _bby Abdul Muntaqim |
||
| 260 |
_aNew Delhi _bM.R. Publications _c2005 |
||
| 270 |
_a2652/55, 1st Floor, Kucha Chelan, Daryaganj _bNew Delhi _e110002 |
||
| 300 |
_a356p. _c20cm(pbk) |
||
| 942 |
_2ddc _cUR _h343.54071 _mع ب د |
||